| 000 | 01562nam0a2200373 4500 | ||
|---|---|---|---|
| 001 | RU\NLR\bibl\126859 | ||
| 005 | 20260406095418.0 | ||
| 021 |
_aRU _b2000-40241 _91846 |
||
| 035 | _a(NLR Aleph) 000124273 | ||
| 090 |
_a708445 _c708445 |
||
| 100 | _a20001204d2000 u y0rusy50 ca | ||
| 101 | 0 | _arus | |
| 102 | _aRU | ||
| 105 | _aa ||||||||| | ||
| 200 | 1 |
_aДетекторы квазимагнитных взаимодействий (принципы, конструкция, калибровка) _fП. В. Воробьев |
|
| 210 |
_aНовосибирск _cИЯФ _d2000 |
||
| 215 |
_a19 с. _cил. _d21 |
||
| 225 | 1 |
_aСибирское отделение Российской академии наук, Институт ядерной физики им. Г. И. Будкера _v2000-45 |
|
| 320 | _aБиблиогр.: с. 19 | ||
| 606 | 0 |
_aДетекторы квазимагнитных взаимодействий _92194962 _3RU\NLR\auth\661319265 |
|
| 610 | 0 | _aДетекторы ионизирующих излучений - магнитное поле | |
| 675 |
_a539.124.074 _v3 _zrus |
||
| 686 |
_a29.15 _2rugasnti |
||
| 686 |
_a22.382 _2rubbk |
||
| 686 | _aВ381.5 | ||
| 700 | 1 |
_4070 _7ca _8rus _aВоробьев _bП. В. _cканд. физ.-мат. наук _gПетр Валентинович _3RU\NLR\AUTH\770287831 _92690213 |
|
| 801 | 0 |
_aRU _bRKP _c20001204 _gPSBO |
|
| 801 | 1 |
_aRU _bRKP _c20001204 |
|
| 801 | 2 |
_aRU _bNLR _c20010222 _grcr |
|
| 852 |
_aNLR _j2000-4/8966 |
||
| 942 | _cBOOK | ||
| 980 | _aNB | ||